000 01423nam a2200229 a 4500
001 000008540
005 20240412074207.0
008 090917t1978 dr a r 001 pcspa d
040 _aDO-SdBNP
_bspa
_cBNPHU
082 _aRD860.9
_bB363p
100 1 _aBazil, Darío
_922898
245 1 0 _aPoetas y prosistas dominicanos /
_cDarío Bazil ; prólogo Juan Francisco Monclús C.
260 _aSanto Domingo :
_bCosmos,
_c1978.
300 _a235 p. :
_bil., retrs. ;
_c21 cm.
505 0 _gPrólogo /
_rJuan Francisco Monclús C. --
_rFrancisco Javier Angulo Guridi --
_rJosé Joaquín Pérez --
_rGastón Fernando Deligne --
_rArturo Pellerano Castro --
_rFabio Fiallo Cabral --
_rFederico Bermúdez Ortega --
_rOtilio Virgíl Diaz --
_rOsvaldo Bazil --
_rVirgilio Díaz Ordoñez --
_rFrancisco Feliberto Domínguez Charro --
_rJuan Sánchez Lamouth --
_rCésar Nicolás Penson --
_rFederico García Godoy --
_rMiguel Angel Garrido --
_rAmérico Lugo --
_rTulio Manuel Cestero --
_rFrancisco Moscoso Puello --
_rMiguel Ángel Monclús Brea --
_rJulio González Herrera --
_rManuel Arturo Peña Batlle --
_rRamón Marrero Aristy.
590 _aInventariado, 2018/BT
650 4 _aPoetas dominicanos
_xCrítica e interpretación
_921023
650 4 _aAutores dominicanos
_xCrítica e interpretación
_9158
650 0 _aLiteratura dominicana.
_967
700 1 _aMonclús C., Juan Francisco,
_epról.
_919465
910 _aValidado. Control de calidad. EMS
999 _c8310
_d8310